[Event "Primeiro Jogo"]
[Site "http://www.queenalice.com/game.php?id=186240"]
[Date "2007.3.22"]
[Round "-"]
[White "F_Negao"]
[Black "bonzinho"]
[Result "1-0"]
[WhiteElo "1100"]
[BlackElo "1135"]

1. e4 Nf6 2. Nf3 d6 3. Nc3 Be6 4. d3 Bg4 5. h3 Bh5 6. g4 Bg6 7. h4 Qd7 8. Bh3 h5
9. g5 Ng4 10. O-O d5 11. e5 Nc6 12. d4 O-O-O 13. Nd2 Nxd4 14. Re1 Bxc2 15. e6
Qc6 16. Qxg4 hxg4 17. Bxg4 Rxh4 18. f3 Nxe6 19. b3 Kb8 20. g6 Qxc3 21. gxf7 Qxa1
22. Bxe6 d4 23. Nc4 Qxa2 24. Ne5 Bd3 25. Nxd3 Rh2 26. Nf4 Qg2+ 27. Nxg2 Rh3 28.
Bd5 e6 29. Nf4 Rg3+ 30. Kf2 Rg5 31. Bxe6 d3 32. Nxd3 Rxd3 33. Bxg5 Rxb3 34. Bxb3
a5 35. Re8+ Ka7 36. Rxf8 b5 37. Re8 a4 38. Bd1 a3 39. Re2 b4 40. f8=Q b3 41.
Bxb3 c5 42. Qxc5+ Kb7 43. Bd5+ Ka6 44. Qxa3+ Kb5 45. Rc2 Kb6 46. Qb3+ Ka5 47.
Ra2# 1-0

[Event "Challenge"]
[Site "http://www.queenalice.com/game.php?id=186386"]
[Date "2007.3.23"]
[Round "-"]
[White "gaspar_jr"]
[Black "F_Negao"]
[Result "1-0"]
[WhiteElo "1199"]
[BlackElo "1580"]

1. Nf3 d6 2. c4 Nc6 3. Nc3 Bf5 4. Nd5 e6 5. Nf4 Qe7 6. h4 O-O-O 7. Qa4 Nf6 8. e3
Ne4 9. Nd4 Qd7 10. g4 Bxg4 11. Bg2 d5 12. f3 Nxd4 13. Qxa7 Nc2+ 14. Kf1 Ng3+ 15.
Kg1 Nxa1 16. Qa8# 1-0

[Event "Revanche"]
[Site "http://www.queenalice.com/game.php?id=186851"]
[Date "2007.3.24"]
[Round "-"]
[White "bonzinho"]
[Black "F_Negao"]
[Result "0-1"]
[WhiteElo "1085"]
[BlackElo "1318"]

1. e4 d5 2. Bb5+ c6 3. Ba4 b5 4. Bb3 dxe4 5. a4 Nf6 6. axb5 cxb5 7. Nh3 Bg4 8.
f3 exf3 9. gxf3 Bxh3 10. Qe2 Qd7 11. d3 Nc6 12. Ra6 Nd4 13. Qe5 Nxf3+ 14. Kd1
Nxe5 15. Re1 Bg4+ 16. Kd2 Nf3+ 17. Ke2 Nxh2+ 18. Kf2 Qb7 19. Ra5 Qf3+ 20. Kg1
Qg3+ 21. Kh1 Bf3# 0-1

[Event "Challenge"]
[Site "http://www.queenalice.com/game.php?id=188270"]
[Date "2007.3.27"]
[Round "-"]
[White "craudio"]
[Black "F_Negao"]
[Result "0-1"]
[WhiteElo "1500"]
[BlackElo "1373"]

1. e4 e5 2. Nh3 Nf6 3. c3 Nxe4 4. d3 Nc5 5. Bg5 f6 6. Bh4 d5 7. Na3 Nc6 8. Qd2
Bg4 9. f3 g5 10. g3 Bxf3 11. Nxg5 Bxh1 12. Nh3 Bf3 13. Qf2 e4 14. Be2 Bxe2 15.
Kxe2 exd3+ 16. Ke3 Qe7+ 17. Kd2 Ne4+ 18. Kc1 Nxf2 19. Nxf2 Bh6+ 20. Kd1 Qe2# 0-1

[Event "Quem vai comer seu piiiiii??"]
[Site "http://www.queenalice.com/game.php?id=188507"]
[Date "2007.3.27"]
[Round "-"]
[White "li_pinheiro"]
[Black "F_Negao"]
[Result "0-1"]
[WhiteElo "1403"]
[BlackElo "1505"]

1. Nf3 d6 2. e4 Nc6 3. d4 f5 4. exf5 Bxf5 5. Nh4 Qc8 6. Bd3 Nxd4 7. c3 Qe6+ 8.
Kf1 Bg4 9. f3 Nxf3 10. gxf3 Bh3+ 11. Kf2 Nf6 12. Re1 Qg8 13. Qa4+ Bd7 14. Bb5 c6
15. Bd3 g5 16. Nf5 e5 17. Qb4 Bxf5 18. Bxf5 b5 19. Qa5 g4 20. Qc7 Qd5 21. Qd7+
Nxd7 22. Bxg4 Be7 23. Re4 Bh4+ 24. Ke2 Nf6 25. Rb4 Rf8 26. c4 bxc4 27. Rb7 Qd3#
0-1

[Event "Preciso ganhar pelo menos uma"]
[Site "http://www.queenalice.com/game.php?id=189578"]
[Date "2007.3.29"]
[Round "-"]
[White "danabreu"]
[Black "F_Negao"]
[Result "0-1"]
[WhiteElo "1060"]
[BlackElo "1565"]

1. e4 Nf6 2. d3 Nc6 3. Nf3 d5 4. exd5 Nxd5 5. c4 Ndb4 6. a3 Na6 7. d4 e5 8. Nc3
exd4 9. Nxd4 Qxd4 10. Qf3 Qe5+ 11. Ne2 Bf5 12. g4 Be4 13. Qh3 Bxh1 14. f4 Qe6
15. Be3 h5 16. O-O-O Rg8 17. Nd4 Qc8 18. Nb3 hxg4 19. Qg3 Qe6 20. f5 Qe4 21. c5
Ne5 22. Be2 Bf3 23. Kd2 Nc4+ 24. Bxc4 Qxc4 25. Qe5+ Be7 26. Bg5 Qd5+ 27. Qd4
Bxg5+ 28. Kd3 Qxb3+ 29. Qc3 Qxd1+ 30. Qd2 Qxd2+ 31. Kc4 Rd8 32. Kb3 Bd1+ 33. Ka2
Bf6 34. Ka1 Qxb2# 0-1

[Event "Revanche"]
[Site "http://www.queenalice.com/game.php?id=189693"]
[Date "2007.3.30"]
[Round "-"]
[White "bonzinho"]
[Black "F_Negao"]
[Result "1-0"]
[WhiteElo "1146"]
[BlackElo "1565"]

1. d4 Nf6 2. e3 d5 3. Nc3 Nc6 4. a4 Be6 5. Nf3 h6 6. a5 g5 7. a6 bxa6 8. Rxa6
Qd7 9. Bb5 Bg7 10. Bxc6 O-O 11. Bxd7 Bxd7 12. Ne5 e6 13. Nxd7 Nxd7 14. Nb5 c5
15. Rd6 Rfb8 16. Nc7 Nb6 17. Nxa8 Nxa8 18. dxc5 Bxb2 19. Bxb2 Rxb2 20. Rd8+ Kh7
21. O-O Nc7 22. Qd3+ f5 23. Rd7+ Kg6 24. Rxc7 a5 25. g3 a4 26. Qa3 Rxc2 27. Qxa4
Rc4 28. Qe8+ Kf6 29. Qf7+ Ke5 30. Rd1 f4 31. Qg7+ Ke4 32. Kg2 fxg3 33. Kxg3 d4
34. Qg6+ Ke5 35. Rc6 dxe3 36. Qxe6# 1-0

[Event "Challenge"]
[Site "http://www.queenalice.com/game.php?id=190818"]
[Date "2007.4.2"]
[Round "-"]
[White "marvin"]
[Black "F_Negao"]
[Result "0-1"]
[WhiteElo "1244"]
[BlackElo "1493"]

1. e4 Nf6 2. Nc3 d5 3. f3 Nc6 4. d4 dxe4 5. fxe4 Qxd4 6. Bf4 Qb4 7. Qb1 Nxe4 8.
Bxc7 Nxc3 9. bxc3 Qxc3+ 10. Kd1 Qe3 11. h3 e5 12. Nf3 Kd7 13. Ng5 Kxc7 14. Nxf7
Rg8 15. Bd3 Bb4 16. Qc1 Qd4 17. a3 Bg4+ 18. hxg4 Qxg4+ 19. Be2 Qd7+ 20. Bd3 Bc3
21. Rb1 Qg4+ 22. Be2 Rad8+ 23. Nxd8 Rxd8+ 24. Qd2 Rxd2+ 25. Ke1 Qxe2# 0-1

[Event "A nega!"]
[Site "http://www.queenalice.com/game.php?id=190858"]
[Date "2007.4.2"]
[Round "-"]
[White "li_pinheiro"]
[Black "F_Negao"]
[Result "0-1"]
[WhiteElo "1289"]
[BlackElo "1565"]

1. e4 Nf6 2. d3 Nc6 3. Be3 e6 4. c4 Bb4+ 5. Bd2 Bxd2+ 6. Qxd2 O-O 7. Nh3 d5 8.
cxd5 exd5 9. exd5 Re8+ 10. Be2 Nd4 11. Nc3 Nxe2 12. Nxe2 Bxh3 13. gxh3 Qe7 14.
O-O Qxe2 15. Qb4 Nxd5 16. Qxb7 Qxd3 17. Rad1 Qg6+ 18. Kh1 Nf4 19. Rg1 Qb6 20.
Qf3 Ne2 21. Rg2 Qxb2 22. Qg4 Rac8 23. Re1 Ng3+ 24. Rxg3 Rxe1+ 25. Kg2 Qb7+ 26.
Rf3 c5 27. Kg3 Rg1+ 28. Kh4 Qe7+ 29. Kh5 g6+ 30. Kh6 Qf8+ 31. Kg5 Rxg4+ 32. Kxg4
f5+ 33. Kf4 Qd6+ 34. Ke3 Re8# 0-1

[Event "Challenge"]
[Site "http://www.queenalice.com/game.php?id=190931"]
[Date "2007.4.3"]
[Round "-"]
[White "gamnascimento"]
[Black "F_Negao"]
[Result "0-1"]
[WhiteElo "1020"]
[BlackElo "1509"]

1. Nf3 d6 2. Nc3 Nc6 3. a3 Nf6 4. e4 e5 5. Nd5 Nxe4 6. Qe2 Bf5 7. Qb5 Nc5 8. Bd3
e4 9. Bxe4 Bxe4 10. b4 Bxd5 11. O-O Bxf3 12. gxf3 Qg5+ 13. Kh1 a6 14. Qe2+ Ne6
15. f4 Qf6 16. c3 O-O-O 17. d4 Nxf4 18. Qf3 g5 19. d5 Ne5 20. b5 Nxf3 21. bxa6
bxa6 22. Bxf4 Qxf4 23. Rfb1 Qxh2# 0-1

[Event "WorldFamousSispl"]
[Site "http://www.queenalice.com/game.php?id=194963"]
[Date "2007.4.11"]
[Round "1"]
[White "bonzinho"]
[Black "F_Negao"]
[Result "1/2-1/2"]
[WhiteElo "1283"]
[BlackElo "1509"]

1. e4 d5 2. exd5 Qxd5 3. Nc3 Qa5 4. Bb5+ c6 5. Ba4 Qe5+ 6. Qe2 Qxe2+ 7. Kxe2 b5
8. Bb3 Bg4+ 9. f3 Bf5 10. a4 a6 11. axb5 cxb5 12. Nxb5 Kd8 13. Bxf7 Bxc2 14. h4
Nh6 15. Bd5 Nf5 16. Bxa8 Ng3+ 17. Kf2 Nxh1+ 18. Ke1 axb5 19. Ra7 Ng3 20. d4 Nf5
21. Bf4 Nd7 22. Bc7+ Ke8 23. Bc6 e6 24. Bxb5 Bb4+ 25. Kf1 Ne3+ 26. Ke2 Nd5 27.
Ra8+ Ke7 28. Rxh8 Nxc7 29. Bc6 Kd6 30. Bb7 Nb5 31. f4 Nxd4+ 32. Ke3 Nf5+ 33. Kf2
Bc5+ 34. Kf1 Ng3+ 35. Ke1 Bxg1 36. Kd2 Bf5 37. Bf3 Bd4 38. Ra8 Bxb2 39. Ra6+ Ke7
40. h5 Bd4 41. Ra4 Bc5 42. Bc6 Nf6 43. h6 gxh6 44. Ra7+ Bxa7 45. Bb5 Be4 46. Kc3
Nd5+ 47. Kc4 Nxf4 48. Ba6 Bd3+ 49. Kb4 Bxa6 50. Ka5 Bf1 51. Kb4 Nxg2 52. Ka5 h5
53. Kb4 h4 54. Ka5 h3 55. Kb4 h2 56. Ka5 h1=Q 57. Kb4 Ne3 58. Ka5 Qd5+ 59. Kb4
Nc2+ 60. Kc3 Qd3+ 61. Kb2 Bd4+ 62. Kc1 Nb4 1/2-1/2

[Event "Challenge"]
[Site "http://www.queenalice.com/game.php?id=195447"]
[Date "2007.4.11"]
[Round "-"]
[White "erichans"]
[Black "F_Negao"]
[Result "0-1"]
[WhiteElo "1660"]
[BlackElo "1490"]

1. e4 Nf6 2. e5 Nd5 3. c4 Nb4 4. d4 N8c6 5. a3 Na6 6. b4 d6 7. b5 dxe5 8. bxc6
Qxd4 9. Qxd4 exd4 10. Nf3 bxc6 11. Nxd4 Bd7 12. Be2 e5 13. Nf3 f6 14. O-O O-O-O
15. Be3 Bc5 16. Bxc5 Nxc5 17. Nc3 Bf5 18. Nh4 Bd3 19. Bg4+ Kb7 20. Rfd1 Nb3 21.
Ra2 Bxc4 22. Rb2 Rd4 23. Rxd4 exd4 24. Na4 Ka6 25. Be2 Bxe2 26. Rxe2 c5 27. Re7
Kb5 28. Nb2 g5 29. Nf3 g4 30. Ne1 Kc6 31. Ned3 Kd6 32. Rf7 h5 33. Rxf6+ Kd5 34.
f3 c4 35. Nb4+ Ke5 36. Rc6 c3 37. N2d3+ Kf5 38. Nc2 Rc8 39. Rc4 c5 40. Kf2 gxf3
41. gxf3 Rc7 42. Ncb4 Nd2 43. Rxc5+ Rxc5 44. Nxc5 Nc4 45. Nc2 Ke5 46. Kg3 Kd5
47. Nd3 h4+ 48. Kxh4 Ne5 49. Nxe5 Kxe5 50. f4+ Ke4 51. f5 d3 52. f6 dxc2 53. f7
c1=Q 54. f8=Q Qf4+ 0-1

[Event "Challenge"]
[Site "http://www.queenalice.com/game.php?id=196482"]
[Date "2007.4.13"]
[Round "-"]
[White "F_Negao"]
[Black "erichans"]
[Result "0-1"]
[WhiteElo "1534"]
[BlackElo "1546"]

1. e4 c5 2. Nf3 d6 3. Bb5+ Nc6 4. Bxc6+ bxc6 5. d3 d5 6. O-O Bg4 7. Bf4 f6 8.
Nc3 e5 9. Bg3 d4 10. Na4 Rb8 11. Qe2 Bd6 12. a3 Ne7 13. h3 Bh5 14. Qd2 Bxf3 15.
gxf3 O-O 16. f4 exf4 17. Bxf4 Bxf4 18. Qxf4 Ng6 19. Qf5 Qd6 20. Qxc5 Qf4 21.
Qxa7 Ne5 22. Qe7 Nf3+ 23. Kg2 Nh4+ 24. Kh1 Qf3+ 25. Kh2 Qg2# 0-1

[Event "Negra"]
[Site "http://www.queenalice.com/game.php?id=197870"]
[Date "2007.4.16"]
[Round "-"]
[White "erichans"]
[Black "F_Negao"]
[Result "1-0"]
[WhiteElo "1791"]
[BlackElo "1518"]

1. e4 e5 2. Nf3 Nc6 3. Bb5 a6 4. Ba4 b5 5. Bb3 Nd4 6. Nxd4 c6 7. Nf3 a5 8. c3 a4
9. Bc2 Nf6 10. Nxe5 Qe7 11. d4 c5 12. O-O d6 13. Nf3 Ng4 14. e5 dxe5 15. dxe5 f6
16. exf6 gxf6 17. Bf4 Qa7 18. Re1+ Be7 19. Na3 Qa5 20. Qd6 O-O 21. Qxe7 Rf7 22.
Qxc5 Bb7 23. Nd4 Rc8 24. Qxb5 Qd8 25. Bxa4 Re7 26. Nf5 Rxe1+ 27. Rxe1 Bc6 28.
Bb3+ Kf8 29. Qc5+ Qe7 30. Qxe7# 1-0

[Event "SISPL Challenge"]
[Site "http://www.queenalice.com/game.php?id=198738"]
[Date "2007.4.18"]
[Round "1"]
[White "marvin"]
[Black "F_Negao"]
[Result "0-1"]
[WhiteElo "1349"]
[BlackElo "1510"]

1. d4 Nf6 2. Nc3 c6 3. a3 d6 4. Qd3 Be6 5. Bf4 Nh5 6. Nh3 Bxh3 7. gxh3 Nxf4 8.
Qe4 g5 9. e3 d5 10. Qf5 e6 11. Qg4 h5 12. Qf3 Ng6 13. O-O-O Nh4 14. Qg3 Bd6 15.
f4 Nf5 16. Qf3 gxf4 17. exf4 Qb6 18. Na4 Qc7 19. Rg1 Bxf4+ 20. Kb1 Bxh2 21. Rg5
Qf4 22. Be2 Qxg5 23. Nc5 Ne3 24. Rd3 Qg1+ 25. Ka2 Nxc2 26. Nxb7 Nxd4 27. Qf1
Nxe2 28. Qxe2 Bf4 29. Rf3 Qd4 30. Rd3 Qc4+ 31. b3 Qb5 32. Qf3 Bc7 33. Qf6 Rh7
34. Rg3 Qe2+ 35. Qb2 Qxb2+ 36. Kxb2 Bxg3 37. Nc5 Be5+ 38. Kc2 Bd6 39. Na4 Bxa3
40. Kc3 f5 0-1

[Event "Vamos lá, Chorão!!!"]
[Site "http://www.queenalice.com/game.php?id=198915"]
[Date "2007.4.18"]
[Round "-"]
[White "bonzinho"]
[Black "F_Negao"]
[Result "0-1"]
[WhiteElo "1290"]
[BlackElo "1506"]

1. e4 e5 2. a4 Nc6 3. a5 Nf6 4. Nf3 d6 5. Nc3 Nd4 6. Ra4 b5 7. Ra3 b4 8. Ra4
bxc3 9. dxc3 Bd7 10. Ra3 Nb5 11. Rb3 a6 12. c4 Nd4 13. Be3 Nxf3+ 14. Qxf3 h6 15.
Rc3 Be7 16. c5 d5 17. exd5 e4 18. Qg3 Nxd5 19. Rb3 g5 20. Bd4 Rh7 21. f3 e3 22.
Bd3 f5 23. Qh3 h5 24. Bxf5 e2 25. c6 Bc8 26. Qg3 Bxf5 27. c4 h4 28. Qe5 Rb8 29.
Rd3 Bxd3 30. Qxd5 Qxd5 31. cxd5 Bb4+ 32. Kf2 Bd2 33. Be3 Rxb2 34. Bxd2 Rxd2 35.
Re1 Re7 36. d6 cxd6 37. h3 Rd1 38. g4 Kd8 39. f4 gxf4 40. g5 Kc7 41. g6 f3 42.
Rg1 e1=Q+ 43. Rxe1 Rdxe1 44. Kxf3 Bxg6 45. Kg4 R7e4+ 46. Kg5 Rf1 47. Kxg6 Re5
48. Kh6 Rf6+ 49. Kg7 Ree6 50. Kg8 Re7 51. Kh8 Rf8# 0-1

[Event "SISPL Challenge"]
[Site "http://www.queenalice.com/game.php?id=203442"]
[Date "2007.4.28"]
[Round "2"]
[White "F_Negao"]
[Black "groo"]
[Result "1-0"]
[WhiteElo "1509"]
[BlackElo "1478"]

1. e4 e5 2. Nf3 Nc6 3. c3 Nf6 4. Bb5 Bc5 5. d4 exd4 6. Bxc6 dxc6 7. cxd4 Bb4+ 8.
Bd2 Bxd2+ 9. Nbxd2 Bg4 10. e5 Bxf3 11. Nxf3 Nd5 12. O-O O-O 13. Qc2 Nf4 14. Qd2
Ng6 15. Rac1 Qd5 16. b4 Rad8 17. Rfe1 Rfe8 18. Kh1 h6 19. h4 h5 20. Kg1 Re7 21.
Kh1 Rde8 22. Qg5 Qxa2 23. Rf1 Qd5 24. Qxh5 Nf4 25. Qg4 Ne6 26. Rfd1 Qb5 27. Rb1
b6 28. Qf5 g6 29. Qf6 Rd7 30. Ng5 Rf8 31. Nxe6 fxe6 32. Qxe6+ Rdf7 33. Qxg6+ Rg7
34. Qe6+ Rgf7 35. f3 Qd5 36. Qg4+ Rg7 37. Qe4 Qxe4 38. fxe4 Re8 39. Rbc1 Re6 40.
Rf1 Rh6 41. Rf4 Kh7 42. d5 cxd5 43. exd5 Rd7 44. Rd4 Re7 45. d6 cxd6 46. exd6
Rd7 47. Rc7 Rxc7 48. dxc7 Rc6 49. Rd7+ Kg6 50. Rd6+ Rxd6 51. c8=Q Kh5 52. Qh8+
Kg4 53. h5 Kg5 54. Qe5+ Kh6 55. Qxd6+ Kxh5 56. Qc7 a5 57. b5 a4 58. Qxb6 Kg4 59.
Qd4+ Kf5 60. Qxa4 Ke6 61. b6 Kd6 62. b7 Kc7 63. Qa7 Kd6 64. b8=Q+ Kd5 65. Qe7
Kd4 66. Qbd8+ Kc4 67. Qec7+ Kb5 68. Qdb8+ Ka6 69. Qca7# 1-0

[Event "SISPL Challenge"]
[Site "http://www.queenalice.com/game.php?id=211006"]
[Date "2007.5.15"]
[Round "3"]
[White "F_Negao"]
[Black "erichans"]
[Result "0-1"]
[WhiteElo "1528"]
[BlackElo "1854"]

1. e4 c5 2. Nf3 d6 3. Be2 Nc6 4. Nc3 Nf6 5. d3 g6 6. O-O Bg7 7. b3 O-O 8. Bb2
Be6 9. h3 a6 10. a4 Nd7 11. Rb1 Nde5 12. Ng5 Bd7 13. Bg4 Nxg4 14. hxg4 Bf6 15.
Nh3 Qc8 16. f3 Bd4+ 17. Kh1 h5 18. Nd5 hxg4 19. Bxd4 gxh3 20. Bf2 hxg2+ 21. Kxg2
Bh3+ 22. Kg1 Bxf1 23. Qxf1 Kg7 24. Be1 Rh8 25. Bc3+ f6 26. Qg2 Qh3 27. Nf4 Qxg2+
28. Kxg2 Rh4 29. Ne6+ Kf7 30. Rh1 Rxh1 31. Kxh1 Rh8+ 32. Kg1 Kxe6 33. f4 Nb4 34.
Bxb4 cxb4 35. Kf2 Rh2+ 36. Ke3 Rxc2 37. f5+ gxf5 38. exf5+ Kxf5 39. Kd4 e6 40.
a5 Rc3 41. Ke3 Rxb3 42. Kd4 Rc3 43. Ke3 b3 44. Kd4 Rc5 45. Ke3 b2 46. Kd4 b1=Q
47. Ke3 Re5+ 48. Kd4 Qb4# 0-1